Gender justice: (Record no. 17045)

MARC details
000 -LEADER
fixed length control field 00781nam a22002057a 4500
008 - FIXED-LENGTH DATA ELEMENTS--GENERAL INFORMATION
fixed length control field 081020t xxu||||| |||| 00| 0 eng d
010 ## - LIBRARY OF CONGRESS CONTROL NUMBER
LC control number ENG-84078
020 ## - INTERNATIONAL STANDARD BOOK NUMBER
International Standard Book Number 8176298468
020 ## - INTERNATIONAL STANDARD BOOK NUMBER
Terms of availability 880.00 (hb)
035 ## - SYSTEM CONTROL NUMBER
System control number EN-67611
082 ## - DEWEY DECIMAL CLASSIFICATION NUMBER
Classification number 346.0134
100 ## - MAIN ENTRY--PERSONAL NAME
Personal name Chawla, Monica
245 ## - TITLE STATEMENT
Title Gender justice:
Remainder of title women and law in India /
Statement of responsibility, etc by Monica Chawla
260 ## - PUBLICATION, DISTRIBUTION, ETC. (IMPRINT)
Place of publication, distribution, etc New Delhi
Name of publisher, distributor, etc Deep and Deep Publications
Place of manufacture F-159, Rajouri Garden, New Delhi-110027
260 ## - PUBLICATION, DISTRIBUTION, ETC. (IMPRINT)
Date of publication, distribution, etc 2006
300 ## - PHYSICAL DESCRIPTION
Extent xi,498p
Dimensions 22cm
500 ## - GENERAL NOTE
General note Includes bibliographical references and index
942 ## - ADDED ENTRY ELEMENTS (KOHA)
Source of classification or shelving scheme Dewey Decimal Classification
Koha item type English Books
Classification part 346.0134
Call number suffix CHA
Holdings
Withdrawn status Lost status Source of classification or shelving scheme Damaged status Not for loan Collection code Home library Current library Date acquired Cost, normal purchase price Total Checkouts Full call number Barcode Date last seen Copy number Cost, replacement price Price effective from Koha item type
    Dewey Decimal Classification   Not For Loan Non-fiction D.B.Act.Division D.B.Act.Division 23/02/2007 880.00   346.0134 CHA EN-67611 21/10/2008 1 880.00 21/10/2008 English Books

© Delhi Public Library
Hit Counter
free hit counter